Sketches 1988 (Запис № 279638)
[ простий вигляд ]
| 000 -Лідер | |
|---|---|
| fixed length control field | 01629nam a22002417a 4500 |
| 001 - Контрольний номер | |
| control field | 216222582 |
| 003 - Ідентифікатор контрольного номера | |
| control field | UA-OsUOA |
| 005 - Дата та час останнього входження (трансакції) | |
| control field | 20220711132259.0 |
| 008 - Елементи даних фіксованої довжини – загальна інформація | |
| fixed length control field | 220711b -uka|||g |||| 00| 0 eng d |
| 040 ## - Джерело каталогізації | |
| Агенція оригінальної каталогізації | UA-OsUOA |
| Мова каталогізації | ukr |
| Агенція, яка здійснювала перезапис | UA-OsUOA |
| Агенція, яка здійснювала модифікацію | UA-OsUOA |
| 041 ## - Код мови | |
| Код мови тексту/ звукової доріжки чи окремого заголовка (П) | eng |
| 080 ## - Індекс Універсальної десяткової класифікації | |
| Індекс Універсальної десяткової класифікації (УДК) (НП) | 82 |
| 090 ## - Локальний шифр розміщення | |
| Класифікаційний індекс УДК | 82 |
| Авторський знак (НП) | S66 |
| 245 ## - Відомості про назву | |
| Назва (НП) | Sketches 1988 |
| Решта назви (НП) | Dodds-Germany Creative Anthology |
| Дані про відповідальність (НП) | Director Dr.J.H. Blackstead; project coordinator Robert N.Bureker |
| 260 ## - Публікація, розповсюдження і т.п. (Вихідні дані) | |
| Ім’я/ наймення видавництва, розповсюджувача і т.п. (П) | Walsworth Publishing Company |
| Дата публікації, розповсюдження і т.п. (П) | 1988 |
| 300 ## - Фізичний опис | |
| Обсяг | 192 p. |
| 520 ## - Резюме і т.п. | |
| Резюме, реферат, анотація, тощо (НП) | SKETCHES, 1988, the fourth in a series of creative anthologies published by DoDDS-Germany, is in your hands to read, look at, and enjoy. Work in this anthology was written, painted, drawn, engraved, etched, photographed, and prepared in a variety of mediums by and for students, grades 7 - 12, and staff members in the DoDDS-G schools. This book recognizes those who contributed to the publication; we celebrate the excellence of their work.<br/>It seems that each year the work done at the school level improves; material submitted for consideration is more carefully screened, directions are more carefully followed, and the overall quality continues to get better. It is clear that good things are happening in the worlds of composition, art, and photography in our schools. We hope that all who use this book will be as happily impressed with the excellence of the work as were the editors. |
| 650 ## - Додаткове предметне введення – тематичний термін | |
| Тематичний термін чи географічна назва, як елемент введення (НП) | 82 Література. Літературознавство |
| Джерело заголовка чи терміна | UDC |
| 700 1# - Додаткове введення – ім'я особи | |
| Ім’я особи (НП) | Bureker R.N. |
| 942 ## - Додаткові елементи входу (Коха) | |
| Тип елемента Koha | Книги |
| Source of classification or shelving scheme | Universal Decimal Classification |
| 955 ## - Код типу видання за змістом | |
| Код типу видання за змістом (НП) | Навчальні видання |
| Стан вилучень | Стан втрат | Джерело класифікації або схеми стелажів | Стан уражень | Не для кредиту | Постійне місце розташування | Поточне розміщення | Дата придбання | Джерело придбання | Вартість, звичайна ціна покупки | Повний номер виклику | Штрих-код | Дата останнього перегляду | Ціна ефективна від | Тип елемента Koha |
|---|---|---|---|---|---|---|---|---|---|---|---|---|---|---|
| Universal Decimal Classification | ВІЛ - Відділ іноземн. літератури НБ | ВІЛ - Відділ іноземн. літератури НБ | 08/08/2005 | №346 | 2.00 | 82 S66 | 204149 | 05/11/2021 | 08/02/1999 | Книги |